<?xml version="1.0" encoding="UTF-8"?>
<record
    xmlns:xsi="http://www.w3.org/2001/XMLSchema-instance"
    xsi:schemaLocation="http://www.loc.gov/MARC21/slim http://www.loc.gov/standards/marcxml/schema/MARC21slim.xsd"
    xmlns="http://www.loc.gov/MARC21/slim">

  <leader>00528cam a22001934a 4500</leader>
  <controlfield tag="001">sa 65001869 </controlfield>
  <controlfield tag="003">DLC</controlfield>
  <controlfield tag="005">20260227112112.0</controlfield>
  <controlfield tag="008">840814s1944    pk            000 1 urdo </controlfield>
  <datafield tag="010" ind1=" " ind2=" ">
    <subfield code="a">sa 65001869 </subfield>
  </datafield>
  <datafield tag="040" ind1=" " ind2=" ">
    <subfield code="a">DLC</subfield>
    <subfield code="c">DLC</subfield>
    <subfield code="d">DLC</subfield>
  </datafield>
  <datafield tag="050" ind1="0" ind2="0">
    <subfield code="a">PK2200.C57</subfield>
    <subfield code="b">T43 1944</subfield>
  </datafield>
  <datafield tag="100" ind1="1" ind2=" ">
    <subfield code="a">Cug&#x332;h&#x332;t&#x101;&#x2BC;&#x12B;, &#x2BB;I&#x1E63;mat,</subfield>
    <subfield code="d">1915-1991.</subfield>
  </datafield>
  <datafield tag="245" ind1="1" ind2="0">
    <subfield code="a">&#x1E6C;e&#x1E5B;h&#x12B; lak&#x12B;r /</subfield>
    <subfield code="c">&#x2BB;I&#x1E63;mat Sh&#x101;h&#x12B;d Lat&#x324;&#x12B;f.</subfield>
  </datafield>
  <datafield tag="260" ind1=" " ind2=" ">
    <subfield code="a">L&#x101;haur :</subfield>
    <subfield code="b">Nay&#x101; Id&#x101;r&#x101;h,</subfield>
    <subfield code="c">[1944]</subfield>
  </datafield>
  <datafield tag="300" ind1=" " ind2=" ">
    <subfield code="a">584 p. ;</subfield>
    <subfield code="c">19 cm.</subfield>
  </datafield>
  <datafield tag="500" ind1=" " ind2=" ">
    <subfield code="a">Novel.</subfield>
  </datafield>
  <datafield tag="546" ind1=" " ind2=" ">
    <subfield code="a">In Urdu.</subfield>
  </datafield>
  <datafield tag="999" ind1=" " ind2=" ">
    <subfield code="c">62290</subfield>
    <subfield code="d">62290</subfield>
  </datafield>
</record>
